Generalidades del cultivo de arroz en la República Dominicana / (Registro nro. 7761)
[ vista simple ]
| 000 -CABECERA | |
|---|---|
| campo de control de longitud fija | 00598nam a2200169 a 4500 |
| 001 - NÚMERO DE CONTROL | |
| campo de control | 000007984 |
| 005 - FECHA Y HORA DE LA ÚLTIMA TRANSACCIÓN | |
| campo de control | 20200929154359.0 |
| 008 - DATOS DE LONGITUD FIJA--INFORMACIÓN GENERAL | |
| campo de control de longitud fija | 090914s2004 dr abc 001 0 spa d |
| 040 ## - FUENTE DE LA CATALOGACIÓN | |
| Centro catalogador/agencia de origen | DO-SdBNP |
| 082 ## - NÚMERO DE LA CLASIFICACIÓN DECIMAL DEWEY | |
| Número de clasificación | xxxxx |
| Número de documento/Ítem | G326c |
| 049 ## - FONDOS LOCALES (OCLC) | |
| Fondos de biblioteca | BNPD |
| 245 00 - MENCIÓN DE TÍTULO | |
| Título | Generalidades del cultivo de arroz en la República Dominicana / |
| Mención de responsabilidad, etc. | Presentación Ángel Castillo. |
| 260 ## - PUBLICACIÓN, DISTRIBUCIÓN, ETC. | |
| Lugar de publicación, distribución, etc. | Santo Domingo : |
| Nombre del editor, distribuidor, etc. | Instituto Dominicano de Investigaciones Agropecuarias y Forestales, |
| Fecha de publicación, distribución, etc. | 2004. |
| 300 ## - DESCRIPCIÓN FÍSICA | |
| Extensión | 57 p. ; |
| Dimensiones | 23 cm. |
| Otras características físicas | il., maps., retrs. |
| 500 ## - NOTA GENERAL | |
| Nota general | Incluye una nota al pie de la página |
| 700 1# - PUNTO DE ACCESO ADICIONAL--NOMBRE DE PERSONA | |
| Nombre de persona | Castillo, Ángel |
| 9 (RLIN) | 7078 |
| Estado de retiro | Estado de pérdida | No para préstamo | Código de colección | Localización permanente | Ubicación/localización actual | Ubicación en estantería | Fecha de adquisición | Número de inventario | Total de préstamos | Signatura topográfica completa | Código de barras | Fecha visto por última vez | Precio válido a partir de | Tipo de ítem Koha | Número de copia |
|---|---|---|---|---|---|---|---|---|---|---|---|---|---|---|---|
| Excluido de préstamo | Patrimonio Dominicano | Patrimonio Dominicano | Patrimonio Dominicano | En catalogación | 14.09.2009 | LF1 | xxxxx G326c | 7984-10 | 25.06.2020 | 25.06.2020 | Libro y Folleto Colección Patrimonio Dominicano | ||||
| Excluido de préstamo | Patrimonio Dominicano | Patrimonio Dominicano | Patrimonio Dominicano | En catalogación | 14.09.2009 | LF1 | xxxxx G326c | 7984-20 | 25.06.2020 | 25.06.2020 | Libro y Folleto Colección Patrimonio Dominicano | e. 2 |
